Normal view MARC view

Entry Topical Term

Number of records used in: 1

001 - CONTROL NUMBER

  • control field: 960430

003 - CONTROL NUMBER IDENTIFIER

  • control field: OSt

005 - DATE AND TIME OF LATEST TRANSACTION

  • control field: 20260121112619.0

008 - FIXED-LENGTH DATA ELEMENTS

  • fixed length control field: 260121|| aca||aabn | a|a d

040 ## - CATALOGING SOURCE

  • Original cataloging agency: OSt
  • Transcribing agency: OSt

150 ## - HEADING--TOPICAL TERM

  • Topical term or geographic name entry element: Mathematics

670 ## - SOURCE DATA FOUND

  • Source citation: Work cat.: (OSt)1544703: Wen Guo Chun 960429, Elliptic, Hyperbolic and Mixed Complex Equations with Parabolic Degeneracy: Including Tricomi-Bers and Tricomi-Frankl-Rassias Problems
Copyright @ Delhi University Library System